| Tag |
First Indicator |
Second Indicator |
Subfields |
| LEADER |
00000cam a2200000 i 4500 |
| 001 |
in00000007051 |
| 005 |
20151004080017.0 |
| 008 |
820222s1837 nyu b 00010 eng d |
| 035 |
|
|
|a (OCoLC)08181595
|
| 035 |
|
|
|9 AAA1519AM
|
| 040 |
|
|
|a ORU
|c ORU
|d m/c
|d UtOrBLW
|
| 049 |
|
|
|a TXAM
|c [A12541580]
|
| 050 |
|
4 |
|a DA538.A1
|b C9 1837
|
| 100 |
1 |
|
|a Croly, George,
|d 1780-1860.
|
| 245 |
1 |
0 |
|a Life and times of His late Majesty George the Fourth :
|b with anecdotes of distinguished persons of the last fifty years /
|c by the Rev. George Croly.
|
| 250 |
|
|
|a New and improved ed.
|
| 264 |
|
1 |
|a New York :
|b Harper,
|c 1837.
|
| 300 |
|
|
|a 414 pages ;
|c 16 cm.
|
| 336 |
|
|
|a text
|b txt
|2 rdacontent
|
| 337 |
|
|
|a unmediated
|b n
|2 rdamedia
|
| 338 |
|
|
|a volume
|b nc
|2 rdacarrier
|
| 490 |
1 |
|
|a The family library ;
|v no. 15
|
| 500 |
|
|
|a At head of title: Harper's stereotype edition
|
| 504 |
|
|
|a Includes bibliographical references.
|
| 600 |
0 |
0 |
|a George
|b IV,
|c King of Great Britain,
|d 1762-1830.
|
| 651 |
|
0 |
|a Great Britain
|x History
|y George IV, 1820-1830.
|
| 830 |
|
0 |
|a Harper's family library ;
|v no. 15.
|
| 999 |
|
|
|a MARS
|
| 999 |
f |
f |
|s d28525f3-0670-3bd7-a388-13f85c1e0f31
|i c94a60ab-dc4b-3339-b7dc-a72eb1007c1b
|t 0
|
| 952 |
f |
f |
|p ric
|a Texas A&M University
|b Rellis Campus
|c Joint Library Facility
|d Remote Storage
|t 0
|e DA538.A1 C95 1837
|h Library of Congress classification
|i unmediated -- volume
|m A14812541580
|
| 998 |
f |
f |
|a DA538.A1 C95 1837
|t 0
|l Remote Storage
|